000 00789nam a22002417a 4500
003 DO-SdBNP
005 20220523130131.0
008 171123b 2012 sp a||| |||| 00| 0 spa d
020 _a9788415142225
040 _aBPMSU
_bspa
_cBPMSU
082 _a617.643
_bM539t 2012
_222
100 1 _aMendoza Mendoza, A.
245 1 _aTraumatología oral en odontopediatría /
_cA. Mendoza Mendoza, C. García Ballesta ; prólogo Marie Therese Flores Barrett
260 _aBarcelona :
_bOceano / ergon,
_c2012.
300 _av. :
_bils.
_c31 cm.
650 4 _aOdontología infantil.
650 4 _aDientes
_xHeridas, lesiones, etc.
650 4 _aTraumatología.
700 1 _aGarcía Ballesta, C.
700 1 _aFlores Barrett, Marie Therese
_eprólogo
710 2 _aOCEANO
_e
942 _2ddc
_cBK
999 _c13048
_d13048